000
00347 a2200157 4500
001
193177
020
_a
978-85-16-06947-6
040
_c
Magnum
100
_a
Machado, Ana Maria
240
1
0
_a
Dorotéia, a centopéia
_l
por
245
1
0
_a
Dorotéia, a centopéia
300
_a
29
362
0
_a
2011
697
_a
LITERATURA INFANTO
942
_c
BK
999
_c
193177
_d
193177